Music Quiz

Random Music or Lyrics Quiz
Score 0/190 Timer 10:00
3 Plays Today
% Correct
a
97.4%
a
97.4%
a
97.4%
a
97.4%
The
94.2%
the
94.2%
the
94.2%
The
94.2%
you
93.8%
You
93.8%
you
93.8%
you
93.8%
you
93.8%
you
93.8%
You
93.8%
you
93.8%
you
93.8%
you?
93.8%
you
93.8%
you
93.8%
and
90%
and
90%
And
90%
and
90%
and
90%
And
90%
and
90%
to
87.6%
to
87.6%
to
87.6%
to
87.6%
to
87.6%
to
87.6%
to
87.6%
to
87.6%
to
87.6%
be
87.5%
it
87%
it
87%
it
87%
it
87%
it
87%
it
87%
it
87%
it
87%
it
87%
it
87%
it
87%
in
85.9%
do
83.2%
can
81.2%
can
81.2%
me
81.1%
her
79.7%
her
79.7%
her
79.7%
her
79.7%
her
79.7%
her
79.7%
her
79.7%
go
79.5%
go
79.5%
your
79.4%
your
79.4%
% Correct
your
79.4%
your
79.4%
your
79.4%
your
79.4%
So
78.4%
let
75.2%
let
75.2%
let
75.2%
let
75.2%
let
75.2%
let
75.2%
let
75.2%
don't
75.1%
don't
75.1%
Don't
75.1%
don't
75.1%
don't
75.1%
don't
75.1%
Then
74.5%
then
74.5%
Then
74.5%
Then
74.5%
make
71.6%
make
71.6%
make
71.6%
make
71.6%
make
71.6%
make
71.6%
make
71.6%
make
71.6%
Take
71.3%
Take
71.3%
is
71%
heart
70.6%
heart
70.6%
on
70.5%
Hey
70.5%
Hey
70.5%
hey
70.5%
Hey
70.5%
Hey
70.5%
Hey
70.5%
Hey
70.5%
Jude
70.1%
Jude
70.1%
Jude
70.1%
Jude
70.1%
Jude
70.1%
Jude
70.1%
Jude
70.1%
better
69.8%
better
69.8%
better
69.8%
better
69.8%
better
69.8%
better
69.8%
get
69.7%
get
69.7%
sad
69.5%
sad
69.5%
song
69.3%
song
69.3%
into
68.9%
into
68.9%
% Correct
out
68%
out
68%
bad
67.7%
bad
67.7%
start
65.8%
start
65.8%
Remember
65.3%
Remember
65.3%
Remember
65.3%
that
64.7%
that
64.7%
were
64.2%
know
63.9%
know
63.9%
who
62.8%
begin
62.6%
begin
62.6%
begin
62.6%
under
62.4%
under
62.4%
afraid
62.2%
For
61.8%
for
61.8%
have
61.7%
skin
61%
skin
61%
it's
60.3%
it's
60.3%
minute
59.9%
world
56.6%
world
56.6%
Now
55.5%
made
54.3%
down
54.2%
shoulder
53.8%
shoulder
53.8%
time
53%
just
50.4%
upon
50.1%
fool
50%
feel
49%
carry
48.5%
by
48%
little
47.2%
cool
46.6%
refrain
45.8%
any
45.7%
plays
45.5%
found
45%
pain
43.9%
colder
43.3%
with
43.3%
his
42.5%
You're
41.6%
need
40.8%
making
40.1%
you'll
33.5%
well
32.2%
someone
30.3%
waiting
27%
perform
24.3%
movement
23.6%

You're not logged in!

Compare scores with friends on all Sporcle quizzes.
OR
Log In

Sporcle TV

Today on Sporcle TV


Watch our educational content, quiz creation guides, and fun videos on Sporcle TV.

Show Comments

Extras

Top Quizzes Today


Score Distribution

Paid Content

Your Account Isn't Verified!

In order to create a playlist on Sporcle, you need to verify the email address you used during registration. Go to your Sporcle Settings to finish the process.

Report this User

Report this user for behavior that violates our Community Guidelines.

Details: